Κατάλογος Βιβλιοθηκών Mediterranean College

Europe Connected Or Disconnected? Broadband Networks in Less Developed Regions / Regional Evolution Planning for Intergrated Broadband Communication (I) (Record no. 4163)

MARC details
000 -LEADER
fixed length control field 01339cam a22002054a 4500
005 - ΗΜΕΡΟΜΗΝΙΑ ΚΑΙ ΩΡΑ ΤΕΛΕΥΤΑΙΑΣ ΕΝΗΜΕΡΩΣΗΣ
Πεδίο ελέγχου 20250605164138.0
008 - FIXED-LENGTH DATA ELEMENTS--GENERAL INFORMATION
Πεδίο ελέγχου σταθερού μήκους 250528s ||||||||||||||||||||||||d
035 ## - SYSTEM CONTROL NUMBER
System control number 18854
020 ## - ISBN
ISBN 8486094836
040 ## - ΠΗΓΗ ΚΑΤΑΛΟΓΟΓΡΑΦΗΣΗΣ
Φορέας πρωτότυπης καταλογογράφησης MC Athens Campus Library
Γλώσσα καταλογογράφησης Ελληνικά, Μοντέρνα (1453-)
Modifying agency MC Athens Campus Library
Κανόνες περιγραφικής καταλογογράφησης AACR2
245 1# - ΤΙΤΛΟΣ ΚΑΙ ΔΗΛΩΣΗ ΥΠΕΥΘΥΝΟΤΗΤΑΣ
Τίτλος Europe Connected Or Disconnected? Broadband Networks in Less Developed Regions / Regional Evolution Planning for Intergrated Broadband Communication (I)
260 ## - PUBLICATION, DISTRIBUTION, ETC.
Name of publisher, distributor, etc. Fundesco,
Date of publication, distribution, etc. 1991
300 ## - PHYSICAL DESCRIPTION
Extent 232
520 ## - SUMMARY, ETC.
Summary, etc. The Importance of Advanced Communications in Regional Development, Preface and Acknowledgements, Introduction, Rationale, Selection of REVOLVE Regions, Report Structure, Factors Governing The Impact of Advanced Communication, Limitations, The Underlying Dynamic: Long Wage Theory, The Role of Telecommunication, Telecommunication as Diffusion of ICT, What Does IBC Add?, Conclusions, European Regions: Convergence or Divergence?, From Convergence to Cohesion, Telecommunication Policy, Conclusions, The Amenability of European Regions to Advanced Communications, Introduction and Classification System, Factors Influencing Classification, Typical Regions Classification, Conclusions and Recommendations, Appendices, References.
700 1# - ΠΡΟΣΘΕΤΗ ΑΝΑΓΡΑΦΗ--ΦΥΣΙΚΟ ΠΡΟΣΩΠΟ
Personal name Gaitan Richardo
9 (RLIN) 5125
700 1# - ΠΡΟΣΘΕΤΗ ΑΝΑΓΡΑΦΗ--ΦΥΣΙΚΟ ΠΡΟΣΩΠΟ
Personal name Siochru Sean O
9 (RLIN) 5126
942 ## - ADDED ENTRY ELEMENTS (KOHA)
Koha item type Books
Holdings
Τύπος τεκμηρίου Βιβλιοθήκη Τρέχουσα τοποθεσία Barcode Αριθμός εισαγωγής Ημερομηνία απόκτησης Ταξιθετικό σύμβολο Αριθμός αντιτύπου Κατάσταση απόσυρσης Κατάσταση χαμένου Κατάσταση κατεστραμμένου Μη δανεισμός Σύνολο δανεισμών Ημερομηνία τελευταίας εμφάνισης Η τιμή ισχύει από
Books MC Athens Campus Library MC Athens Campus Library 9780000041623 3767 05/06/2025 384.5455 SIO 1           05/06/2025 05/06/2025

MC Athens Campus Library
Πατησίων 94 & Κοδριγκτώνος 13, 104 34
Πελλήνης 8 & Πατησίων 107, 112 51
Τ: +30 210 8899600

MC Thessaloniki Campus Library
Ίωνος Δραγούμη 21, 54625 | Ίωνος Δραγούμη 15, 54625
Τ: +30 2310 287779 – Τ: +30 2314 440300